000
00341nam a22001097a 4500
082
_a
004
100
_a
अग्रवाल श्वेता
_9
79913
245
_a
कम्प्यूटर जागरूकता
260
_a
Meerut
_b
Arihant Pub
_c
2020
650
_a
कम्प्यूटर
_9
79914
942
_c
BK
999
_c
63455
_d
63455